Bekannte Slogans #3 - Statistiken

Allgemein
  • Dieses Quiz wurde 232 mal gespielt
  • Das Durchschnittsergebnis liegt bei 8 aus 15
Antwortstatistiken
Slogan Firma % Korrekt
Ich liebe es McDonald's
82%
Katzen würden _____ kaufen Whiskas
82%
Mann, sind die dick, Mann Dickmann
81%
Willst du viel, spül mit _____ Pril
79%
Bild dir deine Meinung Bild
77%
_____ Yes, Yes, Yes! Katjes
65%
Wenns ums Geld geht Sparkasse
65%
Nichts ist unmöglich Toyota
61%
Freude am Fahren BMW
59%
Hoffentlich _____ versichert Allianz
54%
Der mit dem blubb Iglo Spinat
52%
Gute Preise, gute Besserung Ratiopharm
51%
Wecken den Tiger in dir! Kellogs Frosties
19%
Dann klappt's auch mit den Nachbarn Calgonit
4%
Gut für mich, gut für die Umwelt Sodastream
2%
Keine übereinstimmenden Quizze gefunden
Verteilung der Resultate
Anzahl Personen mit jedem Resultat
Perzentil nach korrekt beantworteten Fragen
Ihre Resultats-Entwicklung
Sie haben dieses Quiz noch nicht gespielt